[Event "Chigorin Memorial"]
[Site "St Petersburg RUS"]
[Date "2008.10.11"]
[Round "9"]
[White "Shimanov,A"]
[Black "Vorobiov,E"]
[Result "1/2-1/2"]
[WhiteElo "2476"]
[BlackElo "2577"]

1.d4 d5 2.Nf3 Nf6 3.c4 dxc4 4.e3 e6 5.Bxc4 c5 6.O-O a6 7.dxc5 Qxd1 8.Rxd1 Bxc5
9.Be2 Nbd7 10.Nbd2 b6 11.Nc4 Bb7 12.Nd4 O-O 13.Nb3 Be7 14.f3 a5 15.e4 Ba6
16.Be3 a4 17.Nd4 Bc5 18.Kf2 Rfc8 19.Rac1 Kf8 20.g4 h6 21.h4 Ke7 22.g5 hxg5
23.hxg5 Ne8 24.Rc2 Bxc4 25.Bxc4 Nd6 26.Rdc1 Nxc4 27.Rxc4 Ne5 28.R4c3 Rd8
29.f4 Bxd4 30.Bxd4 Rxd4 31.Ke3 Rd7 32.fxe5 Rh8 33.Rc6 Rh3+ 34.Kf4 Rh4+ 35.Kf3 Rd3+
36.Ke2 Rd4 37.Kf3 Rh3+ 38.Kf4 Rh4+ 39.Kf3 Rd3+ 40.Ke2 Rhh3 41.Rxb6 Rhe3+
42.Kf2 Rf3+ 43.Ke2 Rfe3+ 44.Kf2 Rf3+  1/2-1/2

[Event "1st WMSG Blitz Team w"]
[Site "Beijing CHN"]
[Date "2008.10.13"]
[Round "1"]
[White "Isaeva,Ak"]
[Black "Ozturk,Ku"]
[Result "0-1"]
[WhiteElo "2063"]
[BlackElo "2254"]

1.d4 d5 2.c4 dxc4 3.Nf3 Nf6 4.e3 c5 5.Bxc4 e6 6.O-O a6 7.a3 b5 8.Ba2 Bb7
9.Nc3 Be7 10.dxc5 Qxd1 11.Rxd1 Bxc5 12.b4 Be7 13.Bb2 Nbd7 14.Rac1 Rc8 15.Nd4 Nb6
16.Nce2 O-O 17.Nf4 e5 18.Nf5 Rfe8 19.Nxe7+ Rxe7 20.Nd3 Rxc1 21.Rxc1 e4 22.Nc5 Bc8
23.Rd1 Re8 24.Rd6 Nc4 25.Bxc4 bxc4 26.Rd4 Be6 27.Nxe6 fxe6 28.Rxc4 Rd8 29.g3 Rd1+
30.Kg2 Nd5 31.Rxe4 Kf7 32.Rc4 Rd2 33.Bd4 e5 34.Ba7 Rd3 35.a4 Rb3 36.Bc5 Ke6
37.Rg4 g6 38.Kf3 Kf5 39.Rh4 h5 40.Rc4 Nf6 41.Bd6 Ng4 42.h3 Nf6 43.Rc5 Ke6
44.Bxe5 Nd7 45.Rc6+ Kxe5 46.Rxg6 Nf6 47.Rg5+ Ke6 48.b5 axb5 49.axb5 Rb2 50.g4 h4
51.Rg6 Kf7 52.Rh6 Rxb5 53.Rxh4 Kg6 54.Rh8 Nh7 55.Kf4  0-1

[Event "1st WMSG Blitz Team"]
[Site "Beijing CHN"]
[Date "2008.10.13"]
[Round "2"]
[White "Perelshteyn,E"]
[Black "Gonzalez Garcia,J2"]
[Result "0-1"]
[WhiteElo "2536"]
[BlackElo "2508"]

1.Nf3 d5 2.d4 Nf6 3.c4 dxc4 4.e3 e6 5.Bxc4 c5 6.O-O Nc6 7.Nc3 Be7 8.dxc5 Qxd1
9.Rxd1 Bxc5 10.b3 O-O 11.Bb2 Bd7 12.Nb5 Rfd8 13.Nd6 Rab8 14.Ng5 Be8 15.Nxe8 Rxe8
16.Rac1 Be7 17.Nf3 Red8 18.Kf1 Kf8 19.Ke2 h6 20.Nd4 Nxd4+ 21.Bxd4 b5 22.Bd3 a5
23.Be5 Rb7 24.Bc7 Ra8 25.e4 Ba3 26.Rc2 Ke7 27.f3 Ra6 28.Bf4 Nd7 29.Be3 Bd6
30.Rdc1 Ne5 31.Rc8 Nxd3 32.Kxd3 Bxh2 33.f4 e5 34.f5 Rd7+ 35.Ke2 Bf4 36.Bxf4 exf4
37.e5 g6 38.e6 fxe6 39.fxg6 Kf6 40.Rf8+ Kxg6 41.Rxf4 Rad6 42.Rc2 b4 43.Re4 Kf5
44.Re3 Rd5 45.Rf3+ Kg6 46.Re3 Kf5 47.Rf3+ Kg6 48.Rg3+ Kf5 49.Rh3 Kg5 50.Re3 Kf5
51.Rc6 Rd2+ 52.Kf3 R7d6 53.g4+ Kf6 54.Rxd6 Rxd6 55.Ke2 Rd5 56.Kf3 Rd2 57.Ke4 Rxa2
58.Rf3+ Kg5 59.Ke5 Kxg4 60.Rf4+ Kg5 61.Rf8 h5 62.Rg8+ Kh4 63.Kxe6 Kh3 64.Kf5 h4
65.Kf4 Kh2 66.Kf3 h3 67.Rc8 Rb2 68.Rc1 Rxb3+ 69.Kf2 Rb2+ 70.Kf3 a4 71.Ra1 a3
72.Rd1 a2 73.Ra1 b3 74.Re1 Rb1 75.Re2+ Kg1 76.Kg3 a1=Q  0-1

[Event "1st WMSG Blitz Team"]
[Site "Beijing CHN"]
[Date "2008.10.13"]
[Round "8"]
[White "Forsaa,E"]
[Black "Rasmussen,A"]
[Result "1-0"]
[WhiteElo "2322"]
[BlackElo "2513"]

1.d4 d5 2.c4 dxc4 3.Nf3 Nf6 4.e3 e6 5.Bxc4 c5 6.O-O a6 7.Qe2 b5 8.Bb3 Nc6
9.Rd1 c4 10.Bc2 Nb4 11.Nc3 Nxc2 12.Qxc2 Bb7 13.Ne5 Bd6 14.a4 b4 15.Ne2 Rc8
16.Nxc4 O-O 17.f3 Qc7 18.b3 Bxh2+ 19.Kf2 Bd6 20.e4 Nd7 21.Qd2 Be7 22.Qf4 f5
23.Qxc7 Rxc7 24.Nf4 Kf7 25.exf5 exf5 26.Re1 Re8 27.Nd3 Bf6 28.Nde5+ Nxe5
29.dxe5 Be7 30.Bf4 Bd5 31.e6+ Bxe6 32.Bxc7 Rc8 33.Bf4 Bxc4 34.bxc4 Rxc4 35.Rec1 Bc5+
36.Kf1 Rxf4 37.Rxc5 b3 38.Rb1 Rb4 39.Ra5 b2 40.Rxa6 f4 41.Ke2 g5 42.Kd2 h5
43.Kc2 Rc4+ 44.Kxb2 Rd4 45.Rc1 Rd2+ 46.Rc2 Rd3 47.Ra5 Kf6 48.Rb5 g4 49.Rxh5 gxf3
50.gxf3 Rxf3 51.a5 Rf1 52.Rc6+ Kg7 53.a6 f3 54.Rb5  1-0

[Event "1st WMSG Rapid Team w"]
[Site "Beijing CHN"]
[Date "2008.10.15"]
[Round "4"]
[White "Zenyuk,I"]
[Black "Yildiz,B"]
[Result "0-1"]
[WhiteElo "2237"]
[BlackElo "2219"]

1.d4 d5 2.Nf3 Nf6 3.c4 dxc4 4.e3 e6 5.Bxc4 c5 6.O-O a6 7.Bb3 Nc6 8.Nc3 b5
9.dxc5 Qxd1 10.Rxd1 Bxc5 11.Bd2 Bb7 12.Rac1 Bb6 13.Ne2 O-O 14.Bc3 Ne4 15.Be1 Rac8
16.Bc2 Nf6 17.a4 b4 18.h3 a5 19.Bd3 Rfd8 20.Bb5 Rxd1 21.Rxd1 Kf8 22.Bd2 Ne4
23.Bc1 Nc5 24.Ned4 Na7 25.b3 Nxb5 26.axb5 Bd5 27.Ne5 Bc7 28.Nc4 Nxb3 29.Nxb3 Bxc4
30.Nd4 Bb6 31.Bb2 a4 32.Nc6 Bc5 33.Rd7 Bxb5 34.Rd8+ Rxd8 35.Nxd8 a3  0-1

[Event "TCh-BEL 2008-9"]
[Site "Belgium BEL"]
[Date "2008.10.19"]
[Round "2"]
[White "Gharamian,T"]
[Black "Dutreeuw,M"]
[Result "1-0"]
[WhiteElo "2555"]
[BlackElo "2388"]

1.d4 d5 2.c4 dxc4 3.Nf3 Nf6 4.e3 e6 5.Bxc4 c5 6.O-O a6 7.Qe2 cxd4 8.Rd1 Nc6
9.exd4 Be7 10.Nc3 O-O 11.d5 exd5 12.Nxd5 Nxd5 13.Bxd5 Qc7 14.Qe4 Bf6 15.Ng5 Bxg5
16.Bxg5 Bd7 17.Bf4 Qc8 18.Bd6 Re8 19.Qf4 Bf5 20.h3 Bg6 21.Rac1 Re2 22.Rd2 Rxd2
23.Qxd2 Qd7 24.Bf4 Rc8 25.Bf3 Qxd2 26.Bxd2 Bf5 27.Be3 Bd7 28.a3 Kf8 29.Be4 h6
30.Rd1 Be6 31.Bb6 Re8 32.f3 f5 33.Bc2 Kf7 34.Ba4 Re7 35.Kf2 Rd7 36.Ke3 Rxd1
37.Bxd1 h5 38.f4 g6 39.Bf3 Ke7 40.Bc5+ Kd7 41.Kf2 Ke8 42.Kg3 Kf7 43.Kh4 Bb3
44.Kg5 Nd8 45.Bb6 Nc6 46.g4 hxg4 47.hxg4 Be6 48.gxf5 Bxf5 49.Bd5+ Kg7 50.b4 Bc8
51.Bc5 Bd7 52.Be4 Be8 53.Be3 b5 54.Bc5 a5 55.Bd3 axb4 56.axb4 Nb8 57.Bd4+ Kf8
58.Kf6 Na6 59.Be5 Kg8 60.Bd6 Kh7 61.Be4  1-0

[Event "IM"]
[Site "Petah Tiqwa ISR"]
[Date "2008.10.19"]
[Round "2"]
[White "Kaganskiy,G"]
[Black "Bitansky,I"]
[Result "1/2-1/2"]
[WhiteElo "2330"]
[BlackElo "2439"]

1.d4 d5 2.c4 dxc4 3.e3 Nf6 4.Nf3 e6 5.Bxc4 c5 6.dxc5 Qxd1+ 7.Kxd1 Bxc5 8.Ke2 a6
9.Rd1 b5 10.Bd3 Nc6 11.Bd2 Bb7 12.Bc3 Nd5 13.Be4 Nxc3+ 14.Nxc3 f5 15.Bxc6+ Bxc6
16.a3 Ke7 17.Nd4 Rhc8 18.f3 Rc7 19.Rd2  1/2-1/2

[Event "24th ECC"]
[Site "Kallithea GRE"]
[Date "2008.10.20"]
[Round "4"]
[White "Kozul,Z"]
[Black "Andersen,Ru2"]
[Result "1-0"]
[WhiteElo "2593"]
[BlackElo "2049"]

1.d4 d5 2.c4 dxc4 3.Nf3 Nf6 4.e3 e6 5.Bxc4 c5 6.O-O a6 7.Bd3 cxd4 8.exd4 Nc6
9.a3 Be7 10.Nc3 O-O 11.Be3 b5 12.Ne4 Bb7 13.Nc5 Rb8 14.Rc1 Qd5 15.Nxb7 Rxb7
16.Qc2 Rc8 17.Qb1 Rbc7 18.Rcd1 h6 19.Rfe1 a5 20.Bf4 Rb7 21.Qc2 Bd6 22.Be5 Be7
23.Qe2 Rb6 24.h3 Kf8 25.Rc1 Na7 26.Rxc8+ Nxc8 27.Bc7 Rb7 28.Bxa5 b4 29.Rc1 Na7
30.axb4 Bxb4 31.Bc7 Nc6 32.Be5 Bd6 33.Bxf6 gxf6 34.Be4 Rxb2 35.Bxd5 Rxe2
36.Bxc6 Bf4 37.Rd1 Rc2 38.Be4 Rc1 39.Rxc1 Bxc1 40.g4 Bb2 41.Kf1 Kg7 42.Bc6 Bc3
43.Ke2 Bb2 44.Kd3 Bc1 45.Ke4 Ba3 46.d5 Bc5 47.Nd4  1-0

[Event "TCh-CHN Torch Real Estate Cup"]
[Site "Jiangsu Wuxi CHN"]
[Date "2008.10.21"]
[Round "9"]
[White "Li Ruofan"]
[Black "Ning Chunhong"]
[Result "1-0"]
[WhiteElo "2423"]
[BlackElo "2362"]

1.Nf3 d5 2.d4 Nf6 3.c4 dxc4 4.e3 e6 5.Bxc4 c5 6.O-O a6 7.Qe2 Nc6 8.Rd1 Qc7
9.Bb3 Be7 10.Nc3 O-O 11.dxc5 Bxc5 12.Bd2 Rd8 13.Rac1 Be7 14.e4 Nd7 15.Be3 b5
16.Nd5 exd5 17.exd5 Bb7 18.dxc6 Bxc6 19.Bd5 Nb8 20.Qc2 Qb7 21.Bxf7+ Kxf7
22.Rxd8 Bxd8 23.Ne5+ Kg8 24.Nxc6 Nxc6 25.Qxc6 Qxc6 26.Rxc6 Bf6 27.b3 a5 28.g4 b4
29.Rc4 Kf7 30.Kg2 h6 31.h3 Ke6 32.Kf3 Bc3 33.Ke4 Re8 34.Bb6 Kf7+ 35.Kd3 Ra8
36.a4 Ra6 37.Bc7 Kg6 38.Rc5 Be1 39.f4 Bc3 40.Kc4 Ra8 41.Bxa5  1-0

[Event "TCh-CHN Torch Real Estate Cup"]
[Site "Jiangsu Wuxi CHN"]
[Date "2008.10.22"]
[Round "10"]
[White "Kunte,A"]
[Black "Wu Kaiyu"]
[Result "1-0"]
[WhiteElo "2547"]
[BlackElo "2299"]

1.d4 d5 2.c4 dxc4 3.Nf3 Nf6 4.e3 e6 5.Bxc4 c5 6.O-O a6 7.Bb3 Nc6 8.Qe2 Be7
9.Rd1 cxd4 10.Nxd4 Nxd4 11.exd4 O-O 12.Nc3 Nd5 13.Qf3 Nxc3 14.bxc3 Qc7 15.c4 Bd7
16.Bf4 Qc8 17.Rac1 e5 18.Bxe5 Bg4 19.Qg3 f6 20.Bf4 Bxd1 21.Rxd1 Qf5 22.h3 Kh8
23.c5 Rfd8 24.Bc7 Re8 25.Ba4 Rec8 26.Re1 Bf8 27.Bb6 Qd5 28.Qe3 Rd8 29.Bxd8 Rxd8
30.Bb3 Qc6 31.Rc1 Qd7 32.d5 Re8 33.Qd4 Rc8 34.d6  1-0

[Event "12th Essent Open"]
[Site "Hoogeveen NED"]
[Date "2008.10.24"]
[Round "8"]
[White "Kempinski,R"]
[Black "Diamant,A"]
[Result "0-1"]
[WhiteElo "2595"]
[BlackElo "2412"]

1.d4 d5 2.Nf3 Nf6 3.c4 dxc4 4.e3 e6 5.Bxc4 c5 6.O-O Nc6 7.Qe2 a6 8.dxc5 Bxc5
9.Nbd2 O-O 10.b3 e5 11.Bb2 Qe7 12.Rfc1 Bg4 13.h3 Bh5 14.g4 Bg6 15.Nh4 Rad8
16.Nf1 Ne4 17.Nxg6 hxg6 18.Qc2 Ng5 19.Kg2 Nb4 20.Qc3 Qf6 21.f4 Qc6+ 22.Kh2 Nf3+
23.Kg3 g5 24.e4 Nd4 25.Nd2 gxf4+ 26.Kh2 Qh6 27.a3 Nbc6 28.Bd5 Ba7 29.Rd1 Rc8
30.Qd3 Qh4 31.Rf1 Nc2 32.Nc4 Nxa1 33.Bxa1 Be3 34.Rf3 Bd4 35.Bxc6 Rxc6 36.Bxd4 exd4
37.Rxf4 b5  0-1

[Event "LiraH Autumn"]
[Site "Lichtenrade GER"]
[Date "2008.10.24"]
[Round "7"]
[White "Graf,A"]
[Black "Meister,Jak"]
[Result "1/2-1/2"]
[WhiteElo "2636"]
[BlackElo "2481"]

1.d4 d5 2.c4 dxc4 3.Nf3 Nf6 4.e3 e6 5.Bxc4 c5 6.O-O a6 7.dxc5 Bxc5 8.Qxd8+ Kxd8
9.Be2 Ke7 10.Nbd2 Bd7 11.b3 Bb5 12.Nc4 Nbd7 13.Bb2  1/2-1/2

[Event "TCh-CHN Torch Real Estate Cup"]
[Site "Jiangsu Wuxi CHN"]
[Date "2008.10.29"]
[Round "11"]
[White "Wang Hao"]
[Black "Wu Kaiyu"]
[Result "1-0"]
[WhiteElo "2684"]
[BlackElo "2299"]

1.d4 d5 2.c4 dxc4 3.Nf3 Nf6 4.e3 e6 5.Bxc4 c5 6.O-O a6 7.Bb3 cxd4 8.exd4 Nc6
9.Nc3 Be7 10.Bg5 O-O 11.Qd2 Re8 12.Rad1 Nd5 13.Rfe1 b6 14.h4 Bb7 15.Nxd5 exd5
16.h5 Qd7 17.Bxe7 Nxe7 18.Ne5 Qd6 19.Qf4 f6 20.Ng6 Qxf4 21.Nxf4 Rad8 22.Re6 b5
23.Rb6 Bc8 24.h6 Rf8 25.Re1 Nf5 26.Bxd5+ Kh8 27.hxg7+ Kxg7 28.Rd1 Rd6 29.Rxd6 Nxd6
30.Rc1 Rd8 31.Be6 Bb7 32.f3 Kh6 33.Kf2  1-0

[Event "WYCC Boys U14"]
[Site "Vung Tau City VIE"]
[Date "2008.10.29"]
[Round "10"]
[White "Navalgund,N"]
[Black "Galehdari,B"]
[Result "1-0"]
[WhiteElo "2064"]
[BlackElo "1912"]

1.d4 d5 2.Nf3 Nf6 3.c4 dxc4 4.e3 e6 5.Bxc4 c5 6.O-O Be7 7.Qe2 O-O 8.Nc3 a6
9.a4 Nc6 10.Rd1 Qc7 11.h3 cxd4 12.exd4 h6 13.Be3 Nb4 14.Rac1 Qd6 15.Ne5 b6
16.Bf4 Qd8 17.Qf3 Nfd5 18.Nxd5 exd5 19.Bb3 Bb7 20.Qg4 f5 21.Qh5 Rf6 22.Rc3 Rc8
23.Rg3 Kh7 24.Bg5 Re6 25.Bxh6 Rxh6 26.Qxf5+ g6 27.Qf7+ Kh8 28.Nxg6+ Rxg6
29.Qxg6 Qg8 30.Qh5+  1-0

[Event "TCh-HUN 2008-9"]
[Site "Nagykanizsa HUN"]
[Date "2008.11.02"]
[Round "2"]
[White "Prohaszka,P2"]
[Black "Rapport,R"]
[Result "1-0"]
[WhiteElo "2502"]
[BlackElo "2323"]

1.d4 d5 2.Nf3 Nf6 3.c4 dxc4 4.e3 e6 5.Bxc4 c5 6.Qe2 a6 7.dxc5 Bxc5 8.O-O b5
9.Bd3 Nc6 10.a3 Bb7 11.b4 Bd6 12.Bb2 O-O 13.Nbd2 Qe7 14.Rac1 Rfd8 15.Nb3 e5
16.e4 Nd7 17.Rfd1 Qe6 18.Nbd2 Qh6 19.Nf1 Nf8 20.Ne3 Ne6 21.Ng4 Qf4 22.h3 Ng5
23.Rxc6 Nxf3+ 24.gxf3 Qg5 25.Bc1 Qg6 26.Rb6 Bc8 27.f4  1-0

[Event "TCh-HUN 2008-9"]
[Site "Budapest HUN"]
[Date "2008.11.30"]
[Round "3"]
[White "Zsinka,L"]
[Black "Ruck,T"]
[Result "1-0"]
[WhiteElo "2291"]
[BlackElo "2328"]

1.d4 d5 2.c4 dxc4 3.e3 Nf6 4.Bxc4 e6 5.Nf3 c5 6.O-O a6 7.b3 Nbd7 8.a4 cxd4
9.Nxd4 Ne5 10.Be2 Bd7 11.Bb2 Qc7 12.Nd2 Rd8 13.Rc1 Qb8 14.Qc2 Rc8 15.Qb1 Neg4
16.Rxc8+ Bxc8 17.N4f3 Bd6 18.h3 Ne5 19.Qa1 Ned7 20.Nc4 Bc5 21.Nfe5 b5 22.axb5 axb5
23.Nxd7 Nxd7 24.Ne5 f6 25.Nxd7 Kxd7 26.Qa5 Ke7 27.Rc1 Bd6 28.Bxb5 Bb7 29.Ba3 Bxa3
30.Rc7+ Kd6 31.Qb6+  1-0

[Event "Mediterranean Open"]
[Site "Rijeka CRO"]
[Date "2008.11.30"]
[Round "2"]
[White "Jovanic,O"]
[Black "Gombac,Jan"]
[Result "1-0"]
[WhiteElo "2515"]
[BlackElo "2290"]

1.d4 d5 2.c4 dxc4 3.Nf3 Nf6 4.e3 e6 5.Bxc4 c5 6.O-O a6 7.a4 Nc6 8.Qe2 cxd4
9.Rd1 d3 10.Bxd3 Qc7 11.Nc3 Bc5 12.h3 O-O 13.e4 Nd4 14.Nxd4 Bxd4 15.Be3 Bxc3
16.Rac1 Qa5 17.Rxc3 Qxa4 18.e5 Nd5 19.Rc4 Qd7 20.Rh4 f5 21.exf6 g6 22.Bd4 Qf7
23.Qd2 Nxf6 24.Qh6 Rd8 25.Bxf6 Qxf6 26.Qxh7+ Kf8 27.Qh6+ Qg7 28.Qg5 Rd5 29.Qg3 Bd7
30.Re1 g5 31.Qf3+ Kg8 32.Rh7 Qxh7 33.Bxh7+ Kxh7 34.Qf7+ Kh8 35.h4 g4 36.Qg6 Rf5
37.Re4 g3 38.fxg3 Rc8 39.Rg4 Rc1+ 40.Kh2  1-0

[Event "58th ch-GRE"]
[Site "Rhodes GRE"]
[Date "2008.12.03"]
[Round "4"]
[White "Nikolaidis,I"]
[Black "Gavrilakis,N"]
[Result "1-0"]
[WhiteElo "2529"]
[BlackElo "2426"]

1.d4 d5 2.Nf3 Nf6 3.c4 dxc4 4.e3 e6 5.Bxc4 c5 6.O-O a6 7.Re1 b5 8.Bf1 Bb7
9.a4 b4 10.Nbd2 cxd4 11.Nxd4 Be7 12.Nc4 O-O 13.f3 Qc7 14.Qe2 Nc6 15.Nxc6 Bxc6
16.e4 Nd7 17.b3 Nb6 18.Nxb6 Qxb6+ 19.Be3 Qa5 20.Rac1 Rfc8 21.Red1 Bf8 22.Rc4 Bb7
23.Qd2 Rd8 24.Rd4 Rxd4 25.Qxd4 Qc7 26.Qb6 Rc8 27.Qxc7 Rxc7 28.Rd8 Bc8 29.Bb6  1-0

[Event "58th ch-GRE"]
[Site "Rhodes GRE"]
[Date "2008.12.05"]
[Round "6"]
[White "Kapnisis,S"]
[Black "Gavrilakis,N"]
[Result "1/2-1/2"]
[WhiteElo "2418"]
[BlackElo "2426"]

1.d4 d5 2.c4 dxc4 3.Nf3 Nf6 4.e3 e6 5.Bxc4 c5 6.O-O a6 7.Bb3 Be7 8.Qe2 cxd4
9.exd4 Nc6 10.Rd1 Na5 11.Bc2 b5 12.Nc3 Bb7 13.Bg5 O-O 14.d5 exd5 15.Qd3 g6
16.Re1 Re8 17.Rad1 Qb6 18.Qd2 Nc4 19.Qf4 Nh5 20.Qh4 Bxg5 21.Qxg5 Qf6 22.Qxf6 Nxf6
23.Rxe8+ Rxe8 24.b3 Nd6 25.Bd3 Nde4 26.Ne2 Nc5 27.Nfd4 Rc8 28.f3 Ne6 29.Kf2 Nxd4
30.Nxd4 Kf8 31.Re1 Rc7 32.h4 Re7 33.Ra1 Nd7 34.h5 Nc5 35.Bf1 Ne6 36.Rd1 Nxd4
37.Rxd4 Rc7 38.a4 Rc2+ 39.Kg3 Bc6 40.axb5 axb5  1/2-1/2

[Event "1st Copa PDV Sur"]
[Site "Buenos Aires ARG"]
[Date "2008.12.07"]
[Round "7"]
[White "Liascovich,L"]
[Black "Dos Santos,R"]
[Result "1-0"]
[WhiteElo "2430"]
[BlackElo "2435"]

1.d4 d5 2.c4 dxc4 3.Nf3 Nf6 4.e3 e6 5.Bxc4 c5 6.O-O a6 7.e4 b5 8.Bd3 Bb7
9.e5 Nfd7 10.Ng5 Be7 11.Qh5 g6 12.Qh6 Bf8 13.Qh3 cxd4 14.Re1 Nc5 15.Bf4 Bg7
16.Nd2 Nbd7 17.Rad1 Rc8 18.Ndf3 Nxd3 19.Rxd3 Bd5 20.Rxd4 h6 21.Nxf7 Kxf7
22.Rxd5 g5 23.Rd6 Qe7 24.Qh5+ Kg8 25.Bg3 Rc4 26.b3 Rc8 27.h4 Nf8 28.hxg5 Rc2
29.Rxa6 Qb7 30.Rd6 hxg5 31.Qxg5 Rxa2 32.Red1 Qf7 33.Rd8 Rb2 34.Bh4 Kh7 35.Qc1  1-0

[Event "TCh-SLO"]
[Site "Murska Sobota SLO"]
[Date "2008.12.08"]
[Round "3"]
[White "Tratar,M"]
[Black "Barle,J"]
[Result "1/2-1/2"]
[WhiteElo "2507"]
[BlackElo "2415"]

1.d4 d5 2.c4 e6 3.Nf3 dxc4 4.e3 c5 5.Bxc4 Nf6 6.O-O a6 7.dxc5 Qxd1 8.Rxd1 Bxc5
9.Nbd2 O-O 10.Nb3 Be7 11.Be2 Nc6 12.Bd2 Rd8 13.Rac1 Kf8 14.Kf1 h6 15.h3 Bd7
16.Be1 Be8 17.Rxd8 Rxd8 18.Nc5 Rb8 19.a3 Bd6 20.Nd2 Ke7 21.Rc2 Nd7 22.Nxd7 Bxd7
23.Ne4 e5 24.g4 Bc7 25.Nc5 Be8 26.Bf3 Kd6 27.Rc1 Bb6 28.Ne4+ Ke7 29.Nc5 Kd6
30.b4 Nd8 31.Ne4+ Ke7 32.Nc3 Bb5+ 33.Nxb5 axb5 34.Be2 Ra8 35.Rc3 f6 36.Bxb5 Nf7
37.Rb3 Nd6 38.Bd3 Ke6 39.e4 Bd4 40.Ke2 b5 41.Bd2 g5 42.Bb1 h5 43.gxh5 Rh8
44.h4 Rxh5 45.hxg5 fxg5 46.Rg3 Rh2 47.Be3 Bxe3 48.Kxe3 Rh1 49.Ba2+ Kf6 50.Rf3+ Ke7
51.Bd5 Rb1 52.Ke2 Rb2+ 53.Kf1 Rb1+ 54.Kg2 Re1 55.Rc3 Kd7 56.Rc6 Ra1 57.Ra6 Kc7
58.Kf3 Nc4 59.a4 Nb6 60.axb5 Rb1 61.Ra7+ Kd6 62.Ra6 Kc7 63.Ra7+ Kd6 64.Bc6 Rxb4
65.Kg4 Rb2 66.Rb7 Kc5 67.Rf7 Nc4 68.Kxg5 Nd6 69.Rf3 Kd4 70.Rf6 Nxe4+ 71.Bxe4 Kxe4
72.b6 Kd5 73.Kg6 e4 74.Kf7 Kd4 75.Ke8 Ke5 76.Ke7 Rb3 77.Re6+ Kd5 78.Kd7 Rb2
79.Rd6+ Ke5 80.Kc7 Rc2+ 81.Rc6 Rxf2 82.b7 Rf7+ 83.Kb6 Rxb7+ 84.Kxb7 e3 85.Rc1  1/2-1/2

[Event "XXI Carlos Torre KO"]
[Site "Merida MEX"]
[Date "2008.12.17"]
[Round "1.2"]
[White "Tregubov,P"]
[Black "Gomez Garrido,C"]
[Result "1/2-1/2"]
[WhiteElo "2646"]
[BlackElo "2454"]

1.d4 d5 2.c4 dxc4 3.e3 Nf6 4.Bxc4 e6 5.Nf3 c5 6.O-O a6 7.dxc5 Bxc5 8.Qxd8+ Kxd8
9.a3 b5 10.Be2 Bb7 11.b4 Bd6 12.Bb2 Nbd7 13.Nbd2 Ke7 14.Nb3 Bd5 15.Na5 Rhc8
16.Rac1 h6 17.Nd4 Ne5 18.f3 Bc4 19.f4 Nd3 20.Bxd3 Bxd3 21.Ndc6+ Kd7 22.Rfd1 Be4
23.Ne5+ Ke7 24.Nac6+ Bxc6 25.Nxc6+ Kd7 26.Ne5+ Ke7 27.Nc6+ Kd7 28.Ne5+  1/2-1/2

[Event "15th Croatian Open A"]
[Site "Zadar CRO"]
[Date "2008.12.18"]
[Round "7"]
[White "Chatalbashev,B"]
[Black "Stevic,H"]
[Result "1/2-1/2"]
[WhiteElo "2579"]
[BlackElo "2588"]

1.d4 d5 2.Nf3 Nf6 3.c4 dxc4 4.e3 e6 5.Bxc4 c5 6.O-O a6 7.Bb3 Nc6 8.Nc3 cxd4
9.exd4 Be7 10.Bg5 O-O 11.Qd2 Na5 12.Bc2 b5 13.Qf4 g6 14.Qh4 Re8 15.Be4 Bb7
16.Bxb7 Nxb7 17.d5  1/2-1/2

[Event "8th Amplico AIG Life Rapid"]
[Site "Warsaw POL"]
[Date "2008.12.20"]
[Round "2"]
[White "Akesson,R"]
[Black "Nowak,Mal"]
[Result "1-0"]
[WhiteElo "2484"]
[BlackElo "2082"]

1.d4 d5 2.c4 dxc4 3.Nf3 Nf6 4.e3 e6 5.Bxc4 c5 6.O-O a6 7.Bb3 Nc6 8.Nc3 cxd4
9.exd4 Be7 10.a3 O-O 11.Re1 b5 12.d5 exd5 13.Nxd5 Nxd5 14.Bxd5 Bb7 15.Bf4 Bf6
16.Rc1 Rc8 17.Rc2 Na5 18.Rd2 Bxd5 19.Rxd5 Qb6 20.Ne5 Bxe5 21.Bxe5 Nc4 22.Bc3 Rcd8
23.Qg4 g6 24.Red1 Rxd5 25.Rxd5 Rd8 26.Qe4 Rxd5 27.Qe8+  1-0

[Event "8th Amplico AIG Life Rapid"]
[Site "Warsaw POL"]
[Date "2008.12.21"]
[Round "10"]
[White "Drozdovskij,Y"]
[Black "Mista,A"]
[Result "1-0"]
[WhiteElo "2587"]
[BlackElo "2559"]

1.d4 d5 2.c4 dxc4 3.e3 Nf6 4.Bxc4 e6 5.Nf3 c5 6.O-O a6 7.dxc5 Qxd1 8.Rxd1 Bxc5
9.Be2 b6 10.Nbd2 Bb7 11.Nb3 Be7 12.Nfd4 Nbd7 13.f3 Rc8 14.e4 g6 15.Bf1 e5
16.Ne2 Nc5 17.Nc3 Nxb3 18.axb3 b5 19.Bh6 Bc5+ 20.Kh1 Ke7 21.Bg5 h6 22.Bh4 g5
23.Bg3 Ke6 24.Rac1 Bd4 25.b4 Rhd8 26.Be1 Ne8 27.g3 g4 28.fxg4 Nf6 29.Bh3 Nxe4
30.g5+ Ke7 31.Bg2 Bxc3 32.Rxd8 Rxd8 33.Bxc3 hxg5 34.Bxe5 Rd2 35.Kg1 Ke6 36.Bg7 Nxg3
37.Bh3+ f5 38.hxg3 g4 39.Bf1 Be4 40.Bc3 Rd7 41.Ra1 Bb7 42.Bg2 Bxg2 43.Kxg2 Rd6
44.Kf2 Kf7 45.Re1 Rd3 46.Re3 Rd6 47.Re5 Kg6 48.Re7 Rd3 49.Be5 Rf3+ 50.Ke2 Kh6
51.Re6+ Kh7 52.Rxa6  1-0

[Event "5th Open"]
[Site "Vandoeuvre les Nancy FRA"]
[Date "2008.12.27"]
[Round "4"]
[White "Gozzoli,Y"]
[Black "Genzling,A"]
[Result "1-0"]
[WhiteElo "2503"]
[BlackElo "2335"]

1.d4 d5 2.Nf3 Nf6 3.c4 dxc4 4.e3 e6 5.Bxc4 c5 6.O-O a6 7.Bb3 Nc6 8.Qe2 cxd4
9.Rd1 Be7 10.Nc3 Na5 11.Nxd4 Qc7 12.e4 Nxb3 13.Nxb3 b5 14.e5 Nd7 15.Bf4 Bb7
16.Rac1 Qb8 17.Nxb5 axb5 18.Rxd7 Bd5 19.Rdc7 Bc4 20.Qf3 Qxc7 21.Qxa8+ Bd8
22.Nd2 Bd5 23.Rxc7 Bxa8 24.Rc8 Bd5 25.Bg5 Kd7 26.Rxd8+ Rxd8 27.Bxd8 Kxd8
28.a3 Kc7 29.b4 f6 30.f4 fxe5 31.fxe5 Kc6 32.Kf2 Ba2 33.Ne4 Bb1 34.Nc3 Bc2
35.Ke3 Bf5 36.Kd4 Kb6 37.Ne2 Kc6 38.Nf4 g6 39.h3 g5 40.Nh5 g4 41.h4 Bg6 42.Nf4 Bf5
43.Nh5 Bg6 44.Nf6  1-0

[Event "5th Open"]
[Site "Vandoeuvre les Nancy FRA"]
[Date "2008.12.29"]
[Round "7"]
[White "Duchateau,T"]
[Black "Genzling,A"]
[Result "1/2-1/2"]
[WhiteElo "2086"]
[BlackElo "2335"]

1.d4 d5 2.c4 dxc4 3.e3 Nf6 4.Bxc4 e6 5.Nf3 c5 6.O-O a6 7.dxc5 Qxd1 8.Rxd1 Bxc5
9.a3 b6 10.b3 Bb7 11.Be2 Nc6 12.Bb2 Ke7 13.Nbd2 b5 14.b4 Bb6 15.Nb3 Rad8
16.Nfd4 Nxd4 17.Bxd4 Bxd4 18.Rxd4  1/2-1/2

[Event "Petrovskaya Ladya GM1"]
[Site "Peterhof RUS"]
[Date "2009.01.04"]
[Round "3"]
[White "Shimanov,A"]
[Black "Khuseinkhodzhaev,M"]
[Result "1/2-1/2"]
[WhiteElo "2488"]
[BlackElo "2373"]

1.d4 d5 2.Nf3 Nf6 3.c4 dxc4 4.e3 c5 5.Bxc4 e6 6.O-O a6 7.dxc5 Qxd1 8.Rxd1 Bxc5
9.Nbd2 Ke7 10.Be2 Nc6 11.Ne1 Ne5 12.b3 Bd7 13.Bb2 Bd6 14.Nef3 Bb5 15.Bxb5 Nxf3+
16.Nxf3 axb5 17.a3 Rhc8 18.b4 Rc2 19.Bxf6+ gxf6 20.Nd4 Rc4 21.Nxb5 Be5 22.Rac1 Rc6
23.f4 Bb2 24.Rb1 Rc2 25.Rd3 Bc1 26.Nd4 Rc4 27.Nb5 Rc2 28.Rbb3 Rg8 29.g3 Rgc8
30.Nd4 Ra2 31.Rbc3 Rxc3 32.Rxc3 Bxa3 33.Rc7+ Kf8 34.Nc2 Bc1 35.Kf1 Bd2 36.Ke2 Bxb4
37.Kd3 Be7 38.Rxb7 f5 39.Rc7 Rb2 40.e4 fxe4+ 41.Kxe4 h5 42.Rc3 Bf6 43.Rc8+ Kg7
44.Rc4 Kg6 45.h3 Bd8 46.g4  1/2-1/2

[Event "XX Open"]
[Site "Roquetas de Mar ESP"]
[Date "2009.01.04"]
[Round "4"]
[White "Peralta,Fe"]
[Black "Hernandez,I PER"]
[Result "1-0"]
[WhiteElo "2545"]
[BlackElo "2376"]

1.d4 d5 2.c4 dxc4 3.Nf3 Nf6 4.e3 e6 5.Bxc4 c5 6.O-O a6 7.a4 Nc6 8.Qe2 Qc7
9.Rd1 Be7 10.Nc3 O-O 11.b3 b6 12.Bb2 Bb7 13.d5 exd5 14.Nxd5 Nxd5 15.Bxd5 Nb4
16.Bxb7 Qxb7 17.Qc4 Rfd8 18.Qg4 Bf8 19.Ng5 Qe7 20.h4 h6 21.Ne4 Qe6 22.Nf6+ Kh8
23.Qxe6 fxe6 24.Nd7 Nd5 25.Nxf8 Rxf8 26.e4 Nf6 27.Bxf6 Rxf6 28.Rd6 e5 29.Rad1 b5
30.Rxf6 gxf6 31.Rd6 Kg7 32.a5 c4 33.bxc4 bxc4 34.Rc6 Rb8 35.Rxc4 Rb1+ 36.Kh2 Ra1
37.h5 Rxa5 38.Rc7+ Kg8 39.Ra7 Ra4 40.f3 Ra2 41.Kh3 a5 42.g3 a4 43.Kg4 Kf8
44.Kf5 Rf2 45.f4 exf4 46.gxf4 Ke8 47.Rxa4  1-0

[Event "7th Parsvnath Open"]
[Site "New Delhi IND"]
[Date "2009.01.11"]
[Round "2"]
[White "Suvrajit,S"]
[Black "Gagare,Shal"]
[Result "1-0"]
[WhiteElo "2368"]
[BlackElo "2093"]

1.d4 d5 2.Nf3 Nf6 3.c4 dxc4 4.e3 e6 5.Bxc4 c5 6.O-O Nc6 7.Nc3 Be7 8.dxc5 Qxd1
9.Rxd1 Bxc5 10.a3 a6 11.b4 Be7 12.Bb2 O-O 13.e4 Nd7 14.Bb3 Bf6 15.Rd2 Nde5
16.Nxe5 Bxe5 17.Rad1 b5 18.g3 Bc7 19.Ne2 Bb7 20.Rd7 Rfc8 21.Nf4 Nd8 22.Nxe6 fxe6
23.Rxg7+ Kf8 24.Rdd7 Bxe4 25.Rxc7 Rxc7 26.Rxc7 Bf5 27.f3 h5 28.Kg2 Nf7 29.Bf6 Kg8
30.h3 a5 31.g4 hxg4 32.hxg4 a4 33.gxf5 axb3 34.fxe6 Nd6 35.Rg7+  1-0

[Event "Open"]
[Site "Marianske Lazne CZE"]
[Date "2009.01.25"]
[Round "9"]
[White "Barski,R"]
[Black "Bartos,J"]
[Result "1/2-1/2"]
[WhiteElo "2180"]
[BlackElo "2172"]

1.d4 d5 2.c4 dxc4 3.Nf3 Nf6 4.e3 e6 5.Bxc4 c5 6.O-O a6 7.a4 Nc6 8.Qe2 cxd4
9.Rd1 Be7 10.exd4 O-O 11.Nc3 Nb4 12.Ne5 Bd7 13.Bg5 Bc6 14.Rac1 Bd5 15.Nxd5 Nfxd5
16.Bd2 Bg5 17.Bxb4 Nxb4 18.Nxf7 Rxf7 19.Qxe6 Qf6 20.Qxf7+ Qxf7 21.Bxf7+ Kxf7
22.Rc7+ Kf8 23.Rxb7 Nd5 24.g3 Rd8 25.Kg2 Rd6 26.Kf3 Ne7 27.Ke4 Re6+ 28.Kd3 Bf6
29.b4 Bxd4 30.b5 axb5 31.axb5 Bxf2 32.Rf1 Rf6 33.Kc4 Nf5 34.Rxf2 Nd6+ 35.Kd5 Nxb7
36.Rxf6+ gxf6 37.Kc6 Na5+ 38.Kb6 Nb3 39.Kc7 Ke7 40.b6 Nc5 41.b7 Nd7 42.b8=Q Nxb8
43.Kxb8 h5 44.Kc7 f5 45.Kc6 Ke6 46.h4 Ke5 47.Kd7 f4 48.gxf4+ Kxf4 49.Ke6 Kg4
50.Ke5 Kxh4  1/2-1/2

[Event "7th Gibtelecom Masters"]
[Site "Caleta ENG"]
[Date "2009.01.29"]
[Round "3"]
[White "Hagen,Ande"]
[Black "Maryasin,B"]
[Result "0-1"]
[WhiteElo "2110"]
[BlackElo "2340"]

1.d4 d5 2.c4 dxc4 3.e3 e6 4.Bxc4 Nf6 5.Nf3 c5 6.O-O Nc6 7.Qe2 a6 8.a4 Qc7
9.Nc3 Be7 10.dxc5 Bxc5 11.e4 Ng4 12.g3 O-O 13.Ba2 b6 14.h3 Qxg3+  0-1